000 00923cab a2200265 4500
001 ABS38130
008 090401t1987 xxu||||| |||| 00| 0 eng d
035 _a(Sirsi) u8852
041 _aeng
100 _aBennett, J.
245 _aJapanese construction
260 _c1987
350 _a0
490 _aChartered Quantity Surveyor
_v10(1) September 1987, 27-28(2)
520 _aOne of the authors` of the recent report sponsored by Capital and Counties , entitled the Japan ese Construction Industry , examines their methods and discusses the implications for Britain. Pays particular attention to design, overseas involvement, research and development, possibilities of collaboration and finance.
650 _aKAJIMA
650 _aKUMAGAI GUMI
650 _aOHBAYASHI
650 _aSHIMIZU
650 _aTAISEI
650 _aTAKENAKA
690 _aBUILT ENVIRONMENT
942 _n0
948 _c04/03/1997
999 _c5483
_d5483